| 000 | 00467nam a2200169Ia 4500 | ||
|---|---|---|---|
| 008 | 240729s9999 xx 000 0 und d | ||
| 022 | _a2074-7764 | ||
| 245 | 0 | _aPakistan Veterinary Journal | |
| 260 | _aPakistan | ||
| 260 | _bUniversity of Agriculture, Faisalabad | ||
| 650 | _a Animal culture | ||
| 650 | _a Veterinary medicine | ||
| 650 | _aAgriculture | ||
| 856 | _uhttps://doaj.org/toc/75de4a81b07741ae847e62dbf7e8ecf9 | ||
| 942 | _2ddc | ||
| 942 | _cDOAJEJ | ||
| 999 |
_c69816 _d69816 |
||
| 945 |
_a1 _bMadushi Gamage _c1 _dMadushi Gamage |
||